[Event "CZE-ch U14 Girls"]
[Site "Kouty nad Desnou"]
[Date "2011.03.19"]
[Round "9"]
[White "Soldanova, Beata"]
[Black "Rojikova, Lenka"]
[Result "0-1"]
[WhiteElo "1100"]
[BlackElo "1788"]
[PlyCount "44"]
[EventDate "2011.03.12"]
[EventType "swiss"]
[EventRounds "9"]
[EventCountry "CZE"]
[SourceTitle "EXT 2014"]
[Source "ChessBase"]
[SourceDate "2013.11.20"]
[SourceVersion "1"]
[SourceVersionDate "2013.11.20"]
[SourceQuality "1"]

1. e4 c5 2. Nf3 d6 3. d4 cxd4 4. c3 d3 5. Bxd3 Nc6 6. 0-0 Nf6 7. Nbd2 e6 8. Nb3 Be7 9. Nbd4 0-0 10. Re1 e5 11. Nxc6 bxc6 12. h3 Qc7 13. Bg5 Rb8 14. b3 Be6 15. Rb1 Rbd8 16. Qe2 h6 17. Bh4 Nh5 18. g3 Bxh3 19. Ng5 hxg5 20. Qxh5 gxh4 21. gxh4 Qd7 22. Re3 Bg4 0-1

[Event "CZE-ch U14 Girls"]
[Site "Kouty nad Desnou"]
[Date "2011.03.14"]
[Round "3"]
[White "Suchomelova, Simona"]
[Black "Soldanova, Beata"]
[Result "1-0"]
[WhiteElo "1539"]
[BlackElo "1100"]
[PlyCount "67"]
[EventDate "2011.03.12"]
[EventType "swiss"]
[EventRounds "9"]
[EventCountry "CZE"]
[SourceTitle "EXT 2014"]
[Source "ChessBase"]
[SourceDate "2013.11.20"]
[SourceVersion "1"]
[SourceVersionDate "2013.11.20"]
[SourceQuality "1"]

1. e4 e5 2. Nf3 Nc6 3. Bb5 Nf6 4. Bxc6 dxc6 5. Nc3 Bd6 6. 0-0 Bg4 7. h3 Bh5 8. d3 h6 9. Be3 0-0 10. Re1 Re8 11. Qe2 Bb4 12. Bd2 b5 13. a3 Bc5 14. Be3 Nd7 15. Bxc5 Nxc5 16. Qe3 Qd6 17. Ne2 Bxf3 18. Qxf3 Ne6 19. Rad1 Ng5 20. Qg4 Qg6 21. Ng3 Rad8 22. h4 Ne6 23. Qxg6 fxg6 24. Ne2 g5 25. hxg5 Nxg5 26. Ng3 Re6 27. Nf5 Rde8 28. Re3 Rg6 29. Rg3 Rf6 30. f3 c5 31. Kf2 Ne6 32. Rh1 Kh7 33. Ke3 Ref8 34. Rgh3 1-0

[Event "CZE-ch U14 Girls"]
[Site "Kouty nad Desnou"]
[Date "2011.03.13"]
[Round "2"]
[White "Soldanova, Beata"]
[Black "Bohanesova, Vendula"]
[Result "0-1"]
[WhiteElo "1100"]
[BlackElo "1554"]
[PlyCount "54"]
[EventDate "2011.03.12"]
[EventType "swiss"]
[EventRounds "9"]
[EventCountry "CZE"]
[SourceTitle "EXT 2014"]
[Source "ChessBase"]
[SourceDate "2013.11.20"]
[SourceVersion "1"]
[SourceVersionDate "2013.11.20"]
[SourceQuality "1"]

1. e4 e6 2. Nc3 d5 3. Nf3 Nf6 4. d3 dxe4 5. dxe4 Qxd1+ 6. Kxd1 Bb4 7. Bd3 Nc6 8. a3 Bc5 9. h3 Bxf2 10. Bf4 Kd8 11. Nb5 Bb6 12. Ng5 Rf8 13. e5 Nd5 14. Rf1 h6 15. Nh7 Re8 16. Kd2 Nxf4 17. Rxf4 Nxe5 18. Nd4 Nxd3 19. Kxd3 e5 20. Rxf7 exd4 21. Rxg7 Bf5+ 22. Kd2 Bxh7 23. Rxh7 c5 24. Rxb7 Re7 25. Rxe7 Kxe7 26. Re1+ Kd6 27. c4 Ba5+ 0-1

[Event "CZE-ch U14 Girls"]
[Site "Kouty nad Desnou"]
[Date "2011.03.12"]
[Round "1"]
[White "Zemkova, Klara"]
[Black "Soldanova, Beata"]
[Result "1-0"]
[WhiteElo "1491"]
[BlackElo "1100"]
[PlyCount "49"]
[EventDate "2011.03.12"]
[EventType "swiss"]
[EventRounds "9"]
[EventCountry "CZE"]
[SourceTitle "EXT 2014"]
[Source "ChessBase"]
[SourceDate "2013.11.20"]
[SourceVersion "1"]
[SourceVersionDate "2013.11.20"]
[SourceQuality "1"]

1. e4 e5 2. Nf3 Nc6 3. Bc4 Nf6 4. Ng5 d5 5. exd5 Nd4 6. c3 Nf5 7. 0-0 Nxd5 8. d4 exd4 9. cxd4 Be6 10. Nxe6 fxe6 11. Re1 Qd6 12. Nc3 0-0-0 13. Ne4 Qc6 14. b3 Bb4 15. Bd2 Nxd4 16. Bxd5 Qxd5 17. Bxb4 Rhe8 18. Rc1 Kb8 19. Qg4 g6 20. Nf6 Qb5 21. Nxe8 Qxe8 22. Qf4 Qb5 23. Qxc7+ Ka8 24. Qc8+ Rxc8 25. Rxc8# 1-0